000 00215nam a22000857a 4500
999 _c516721
_d516721
100 _aTownsend, Robert
_923292
245 _aUp the organization :
_cby Robert Townsend
260 _bRobert Townsend
_c1970
300 _a220p.